BRAZILIAN AGRICULTURAL TECHNOLOGY AND TRADE: (Record no. 1014)

MARC details
000 -LEADER
fixed length control field 00308nam a22000977a 4500
008 - FIXED-LENGTH DATA ELEMENTS--GENERAL INFORMATION
fixed length control field 150826b xxu||||| |||| 00| 0 eng d
082 ## -
Classification number 338 .1 KIT
100 ## - MAIN ENTRY--PERSONAL NAME
Personal name KNIGHT PETER T.
245 ## - TITLE STATEMENT
Title BRAZILIAN AGRICULTURAL TECHNOLOGY AND TRADE:
Remainder of title A STUDY OF FIVE COMMODITIES
260 ## - PUBLICATION, DISTRIBUTION, ETC. (IMPRINT)
Place of publication, distribution, etc. NWE YORK:
Name of publisher, distributor, etc. PRAEGER PUBLISHERS
Date of publication, distribution, etc. 1971.
Holdings
Withdrawn status Lost status Source of classification or shelving scheme Damaged status Koha normalized classification for sorting Not for loan Home library Current library Shelving location Date acquired Total Checkouts Full call number Barcode Date last seen Price effective from Koha item type
    Dewey Decimal Classification   338_000000000000000___1_KIT   Dodoma Dodoma Ground Floor 26/08/2015   338 . 1 KIT 00000004275 29/07/2019 26/08/2015 BOOKS

IRDP © 2021 :: Managed by ICT Team